01144 2200337 4500001002100000005001500021035002000036007000300056008004100059020002200100040002200122082001500144084001700159090002200176100003200198245017000230300005100400650003900451700003200490700003300522700003900555850001200594504003200606264003000638336002100668337003000689338002300719999002200742990002200764990002000786INLIS00000000086495420210924091112 a0010-0921000704ta210924s2021 yoia d ind d a978-623-01-1342-0 aYOPDYOGbinderda04223a510.07 a510.07 RET m aCB-D.11 2021-11590 aRetno Djuamiarsiepengarang10aMatematika teknologi konstruksi dan properti SMK/MAK kelas XI Semester 1 /cRetno Djuamiarsi, Dian Permatasari, Ali Anton Senoaji; penyunting, Novianti Siwi Yulianti axii, 180 halaman :bilustrasi, grafik ;c25 cm 4aMatematika--xStudi dan pengajaran0 aDian Permatasariepengarang0 aAli Anton Senoajiepengarang0 aNovianti Siwi Yuliantiepenyunting aYOPDYOG aBibliografi : halaman [173]31aYogyakarta :bAndi,c2021 2rdacontentateks 2rdamediaatanpa perantara 2rdacarrieravolume aCB-D.11/2021-1159 aCB-D.11/2021-1159 a68343-PD/A.2021